| 000 | 00423cam a22001217a 4500 | ||
|---|---|---|---|
| 008 | 180718b1979 xxu||||| |||| 00| 0 eng d | ||
| 082 | _aA81x54 In2/71/1/Pap 1/1979 | ||
| 100 | _aCensus of India 1971 | ||
| 245 | _aIndia: Report of the Expert Committee on Population Projections | ||
| 260 |
_aDelhi _bThe Controller of Publications _c1979 |
||
| 300 | _a203+p. | ||
| 440 | _aCensus of India 1971. Series-1, India. Paper 1 of 1979 | ||
| 999 |
_c484806 _d484806 |
||